| 000 | 01234nam a2200361 i 4500 | ||
|---|---|---|---|
| 001 | 200453293 | ||
| 999 |
_c200453293 _d71505 |
||
| 003 | TR-AnTOB | ||
| 005 | 20260323091508.0 | ||
| 008 | 110616s2009 tu a 00000 tur d | ||
| 020 | _a9757651796 | ||
| 020 | _a9789757651796 | ||
| 035 | _a(OCoLC)731652111 | ||
| 040 |
_aSULEY _beng _erda _cSULEY _dTR-AnTOB |
||
| 041 | 1 |
_atur _heng |
|
| 050 | 1 | _aDR589 | |
| 090 |
_aDR589 _b.T6919 1971 |
||
| 100 | 1 |
_aToynbee, Arnold, _d1889-1975 _eauthor _932175 |
|
| 240 | 1 | 0 |
_aTurkey. _lTurkish. |
| 245 | 1 | 0 |
_aTürkiye : _bbir devletin yeniden doğuşu / _cArnold J. Toynbee ; Türkçesi Kasım Yargıcı. |
| 250 | _aBirinci baskı Ağustos 1971 | ||
| 264 | 1 |
_aİstanbul : _bMilliyet Yayınları, _c1971. |
|
| 300 |
_a320 pages : _bphotographs ; _c20 cm |
||
| 336 |
_atext _btxt _2rdacontent |
||
| 337 |
_aunmediated _bn _2rdamedia |
||
| 338 |
_avolume _bnc _2rdacarrier |
||
| 490 | 0 |
_aMilliyet Yayınları Tarih kitapları dizisi ; _v12 |
|
| 500 | _aEserin özgün adı : Turkey. | ||
| 651 | 0 |
_aTürkiye _xTarih _yKurtuluş Savaşı, 1918-1923 _910811 |
|
| 651 | 0 |
_aTürkiye _xSiyaset ve yönetim _y1918-1960 _986916 |
|
| 700 | 1 |
_aYargıcı, Kasım _9142191 _etranslator |
|
| 942 |
_2lcc _cBK |
||